নীল বিদ্রোহ
| Autore principale: | |
|---|---|
| Natura: | Sconosciuto |
| Pubblicazione: |
দে’জ পাবলিশিং
|
| LEADER | 00232 a2200085 4500 | ||
|---|---|---|---|
| 100 | |a পুলক চন্দ্র |9 55094 | ||
| 245 | |a নীল বিদ্রোহ | ||
| 260 | |b দে’জ পাবলিশিং | ||
| 942 | |c BK | ||
| 999 | |c 45984 |d 45984 | ||
| Autore principale: | |
|---|---|
| Natura: | Sconosciuto |
| Pubblicazione: |
দে’জ পাবলিশিং
|
| LEADER | 00232 a2200085 4500 | ||
|---|---|---|---|
| 100 | |a পুলক চন্দ্র |9 55094 | ||
| 245 | |a নীল বিদ্রোহ | ||
| 260 | |b দে’জ পাবলিশিং | ||
| 942 | |c BK | ||
| 999 | |c 45984 |d 45984 | ||